000 00879nam a22003257a 4500
001 BR2010005348
003 BR-BrBNA
005 20230928103429.0
007 ta
008 230509b bl.||||| |||| 00| 0 por d
040 _aBR-BrBNA
_bpor
_cBiblioteca Nacional de Agricultura
041 _a(Por)
072 _aF30; H20
_b2120
090 _ 2120 BR2010005348
100 1 _aZambolim, L.(ed.)
245 1 _aO estado da arte de tecnologias na produção de café
260 3 _aViçosa, MG (Brasil):
_c2002.
300 _a568 p.
500 _aSeveral bibliography; 134 illus.
650 _aCAFÉ
650 _aQUALIDADE
650 _aMELHORAMENTO GENÉTICO VEGETAL
650 _aFUNGO
650 _aPRAGA DE PLANTA
650 _aVARIEDADE RESISTENTE
650 _aSISTEMA RADICULAR
650 _aSECAGEM
909 _a202309
_bLucia
_c55
_dLucia Elande
942 _cBK
999 _c75078
_d75078